| 000 | 00673nas a2200229 i 4500 | ||
|---|---|---|---|
| 001 | 2164 | ||
| 003 | ES-MaACL | ||
| 005 | 20250217134535.0 | ||
| 008 | 950801d18731943it | | 1 ||ta d | ||
| 080 | _a45 | ||
| 245 | 0 | 0 |
_aRivista di filologia e d'istruzione classica / _cdir. G. Müller e D. Pezzi. |
| 260 |
_aTorino, etc : _bErmanno Loescher, _c1873-1943 ( _fBona) |
||
| 300 |
_a13 v. ; _c23 cm. |
||
| 310 | _aMensual | ||
| 362 | 0 | _aAño I (1873)-1943. | |
| 650 | 1 | 4 |
_aLingüística. Filología. _914477 |
| 700 | 1 |
_aMüller, G. _984123 |
|
| 700 | 1 |
_aPezzi, D, _edir. _9194414 |
|
| 852 |
_aES-MaACL _jHem-172 |
||
| 866 | 0 | _o1874-82,1884-86. | |
| 999 |
_c2164 _d2164 |
||